[Event "18. Torneo Ciudad de Albacete 2010"]
[Site "Albacete ESP"]
[Date "2010.09.14"]
[Round "1.1"]
[White "Almeida Quintana, Omar"]
[Black "Gonzalez Lopez, Julian"]
[Result "1-0"]
[WhiteElo "2559"]
[BlackElo "1969"]
[PlyCount "63"]
[EventDate "2010.09.14"]
[EventType "swiss"]
[EventRounds "9"]
[EventCountry "ESP"]
[Source "lmi"]
[SourceDate "2010.09.14"]

1. d4 d5 2. c4 e6 3. Nf3 Nf6 4. Nc3 c6 5. Bg5 Be7 6. e3 O-O 7. Qc2 a6 8. c5
Nbd7 9. Bd3 Re8 10. O-O Nf8 11. Na4 Nh5 12. Nb6 Rb8 13. Bxe7 Qxe7 14. e4 Nf4
15. Rfe1 Bd7 16. b4 Nxd3 17. Qxd3 dxe4 18. Qxe4 Rbd8 19. d5 f5 20. Qe2 Ng6 21.
d6 Qf6 22. Ne5 Nxe5 23. Qxe5 Qxe5 24. Rxe5 Kf7 25. Rae1 g5 26. f3 h6 27. g4 f4
28. Kg2 Kf6 29. R1e4 Kf7 30. h4 Kf6 31. a3 gxh4 32. Kh3 1-0

[Event "18. Torneo Ciudad de Albacete 2010"]
[Site "Albacete ESP"]
[Date "2010.09.14"]
[Round "1.2"]
[White "Saez Gabikagogeaskoa, Oscar"]
[Black "Mirzoev, Azer"]
[Result "0-1"]
[WhiteElo "1961"]
[BlackElo "2525"]
[PlyCount "74"]
[EventDate "2010.09.14"]
[EventType "swiss"]
[EventRounds "9"]
[EventCountry "ESP"]
[Source "lmi"]
[SourceDate "2010.09.14"]

1. e4 Nf6 2. e5 Nd5 3. d4 d6 4. c4 Nb6 5. exd6 exd6 6. Nc3 Be7 7. Be3 O-O 8.
Be2 c6 9. Nf3 Re8 10. O-O N8d7 11. d5 c5 12. Qc2 Nf6 13. Bd3 Nbd7 14. Rad1 Nf8
15. Bg5 h6 16. Bxf6 Bxf6 17. Rde1 Rxe1 18. Rxe1 a6 19. Nd2 Rb8 20. Nde4 Be5 21.
g3 Bh3 22. Qe2 Bd7 23. f4 Bd4+ 24. Kg2 Qc7 25. Qd2 b5 26. cxb5 axb5 27. Ne2 f5
28. Nf2 Bf6 29. b3 Qb7 30. Bb1 Ng6 31. Nd1 Ne7 32. Ne3 Kh8 33. Kg1 Rc8 34. Qd3
c4 35. bxc4 bxc4 36. Qc2 Qb6 37. Nc3 Qd4 0-1

[Event "18. Torneo Ciudad de Albacete 2010"]
[Site "Albacete ESP"]
[Date "2010.09.14"]
[Round "1.3"]
[White "Abreu Delgado, Aryam"]
[Black "Moya Albaladejo, Jose Antonio"]
[Result "1-0"]
[WhiteElo "2473"]
[BlackElo "1952"]
[PlyCount "63"]
[EventDate "2010.09.14"]
[EventType "swiss"]
[EventRounds "9"]
[EventCountry "ESP"]
[Source "lmi"]
[SourceDate "2010.09.14"]

1. e4 c5 2. Nf3 d6 3. d4 cxd4 4. Nxd4 Nf6 5. Nc3 a6 6. h3 e6 7. g4 d5 8. exd5
Nxd5 9. Bd2 Bb4 10. Nxd5 Bxd2+ 11. Qxd2 Qxd5 12. Rg1 Nc6 13. Nxc6 Qxd2+ 14.
Kxd2 bxc6 15. Kc3 Kd8 16. Bg2 Kc7 17. Rad1 Bd7 18. Rd2 Rhd8 19. Rgd1 Be8 20.
Rxd8 Rxd8 21. Rxd8 Kxd8 22. Kb4 Kc7 23. Ka5 Kb7 24. Bf1 f6 25. Bxa6+ Kc7 26. b4
h5 27. Be2 hxg4 28. hxg4 f5 29. gxf5 exf5 30. f4 Bf7 31. c4 Be6 32. a4 1-0

[Event "18. Torneo Ciudad de Albacete 2010"]
[Site "Albacete ESP"]
[Date "2010.09.14"]
[Round "1.4"]
[White "Boj Marques, Javier"]
[Black "Gongora Reyes, Maikel"]
[Result "0-1"]
[WhiteElo "1917"]
[BlackElo "2468"]
[PlyCount "64"]
[EventDate "2010.09.14"]
[EventType "swiss"]
[EventRounds "9"]
[EventCountry "ESP"]
[Source "lmi"]
[SourceDate "2010.09.14"]

1. e4 c5 2. Nf3 e6 3. Nc3 a6 4. d4 cxd4 5. Nxd4 b5 6. Bd3 Bc5 7. Nb3 Be7 8. Be3
Bb7 9. f4 d6 10. Qf3 Nf6 11. g4 Nc6 12. g5 Nd7 13. Qh3 Nb4 14. O-O-O g6 15. Bd4
e5 16. fxe5 dxe5 17. Bxe5 Nxe5 18. Bxb5+ axb5 19. Rxd8+ Rxd8 20. Rg1 O-O 21. a3
Na6 22. Nxb5 Rfe8 23. Qe3 Bc6 24. Nc3 Nc7 25. h4 Bf8 26. h5 Ne6 27. hxg6 hxg6
28. Ne2 Bg7 29. Nd2 Rd6 30. Rg2 Red8 31. Nc3 R6d7 32. b4 Nd3+ 0-1

[Event "18. Torneo Ciudad de Albacete 2010"]
[Site "Albacete ESP"]
[Date "2010.09.14"]
[Round "1.5"]
[White "Pogorelov, Ruslan"]
[Black "Buendia Pinar, Alvaro"]
[Result "1-0"]
[WhiteElo "2447"]
[BlackElo "1905"]
[PlyCount "103"]
[EventDate "2010.09.14"]
[EventType "swiss"]
[EventRounds "9"]
[EventCountry "ESP"]
[Source "lmi"]
[SourceDate "2010.09.14"]

1. Nf3 Nf6 2. c4 e6 3. Nc3 c5 4. g3 Nc6 5. Bg2 Be7 6. O-O O-O 7. d4 cxd4 8.
Nxd4 a6 9. b3 Qc7 10. Bb2 Nxd4 11. Qxd4 d6 12. Rad1 Rd8 13. Na4 Rb8 14. Qb6
Qxb6 15. Nxb6 Bd7 16. Nxd7 Nxd7 17. Bd4 b5 18. cxb5 axb5 19. f4 Rbc8 20. Rc1 d5
21. e4 dxe4 22. Rxc8 Rxc8 23. Bxe4 Bc5 24. Bxc5 Rxc5 25. Rd1 Rc7 26. Rd4 g6 27.
Bd3 Rc1+ 28. Kg2 Nc5 29. Bxb5 Rc2+ 30. Kf3 Rxa2 31. b4 Nb3 32. Rd3 Nd2+ 33. Ke3
Nf1+ 34. Kd4 Nd2 35. Bc6 Rc2 36. Rc3 Rb2 37. b5 Kf8 38. Kc5 Ke7 39. Kb6 Nb3 40.
Kc7 Na5 41. h4 h5 42. b6 Ra2 43. Rc5 f6 44. Rxa5 Rxa5 45. b7 Ra7 46. Kc8 Rxb7
47. Bxb7 e5 48. Be4 exf4 49. gxf4 g5 50. f5 Ke8 51. Kc7 Ke7 52. Kc6 1-0

[Event "18. Torneo Ciudad de Albacete 2010"]
[Site "Albacete ESP"]
[Date "2010.09.14"]
[Round "1.6"]
[White "Coves Sepulcre, Laureano"]
[Black "Gonzalez Perez, Arian"]
[Result "0-1"]
[WhiteElo "1905"]
[BlackElo "2410"]
[PlyCount "62"]
[EventDate "2010.09.14"]
[EventType "swiss"]
[EventRounds "9"]
[EventCountry "ESP"]
[Source "lmi"]
[SourceDate "2010.09.14"]

1. c4 Nf6 2. Nc3 g6 3. g3 Bg7 4. Bg2 O-O 5. d4 d6 6. Nf3 Nbd7 7. O-O e5 8. e3
Re8 9. a4 c6 10. a5 Rb8 11. b3 e4 12. Ng5 d5 13. cxd5 cxd5 14. f3 h6 15. Nh3
Nf8 16. fxe4 Nxe4 17. Nxe4 dxe4 18. Nf2 f5 19. Bd2 Ne6 20. Qc2 Ng5 21. Nh3
Nxh3+ 22. Bxh3 Be6 23. Rfc1 Rc8 24. Qd1 Rxc1 25. Rxc1 Bxd4 26. exd4 Qxd4+ 27.
Kf1 e3 28. Bc3 Qxd1+ 29. Rxd1 e2+ 30. Kxe2 Bxb3+ 31. Kd2 Rd8+ 0-1

[Event "18. Torneo Ciudad de Albacete 2010"]
[Site "Albacete ESP"]
[Date "2010.09.14"]
[Round "1.7"]
[White "Marholev, Dimitar"]
[Black "Diaz Rios, Ignacio Jose"]
[Result "1-0"]
[WhiteElo "2407"]
[BlackElo "1897"]
[PlyCount "41"]
[EventDate "2010.09.14"]
[EventType "swiss"]
[EventRounds "9"]
[EventCountry "ESP"]
[Source "lmi"]
[SourceDate "2010.09.14"]

1. e4 c5 2. Nc3 Nc6 3. Bb5 g6 4. Bxc6 bxc6 5. d3 Bg7 6. Nge2 Rb8 7. b3 d5 8.
Bb2 e6 9. O-O Ne7 10. Rb1 O-O 11. Ba3 f5 12. Bxc5 fxe4 13. dxe4 Ba6 14. Re1 Qc7
15. Nd4 Qf4 16. Nxe6 Qf7 17. Nxg7 Qxg7 18. exd5 Qxc3 19. Bxe7 cxd5 20. Bxf8
Rxf8 21. Qxd5+ 1-0

[Event "18. Torneo Ciudad de Albacete 2010"]
[Site "Albacete ESP"]
[Date "2010.09.14"]
[Round "1.8"]
[White "Menendez Solar, Jose Carlos"]
[Black "Kovacevic, Slobodan"]
[Result "0-1"]
[WhiteElo "1877"]
[BlackElo "2386"]
[PlyCount "48"]
[EventDate "2010.09.14"]
[EventType "swiss"]
[EventRounds "9"]
[EventCountry "ESP"]
[Source "lmi"]
[SourceDate "2010.09.14"]

1. d4 Nf6 2. Nf3 e6 3. Bg5 c5 4. e3 Be7 5. Bd3 h6 6. Bh4 cxd4 7. exd4 b6 8.
Nbd2 Bb7 9. O-O a6 10. Re1 d6 11. Ne4 Nbd7 12. c3 Nxe4 13. Bxe7 Nxc3 14. bxc3
Qxe7 15. Qb3 O-O 16. Rad1 Rfc8 17. d5 e5 18. Bf5 b5 19. Bxd7 Qxd7 20. Nd2 Rc5
21. Ne4 Rc7 22. Qa3 Rd8 23. Rd3 f5 24. Ng3 Rc4 0-1

[Event "18. Torneo Ciudad de Albacete 2010"]
[Site "Albacete ESP"]
[Date "2010.09.14"]
[Round "1.9"]
[White "Fenollar Jorda, Manuel"]
[Black "Garcia Cervigon, Cecilio"]
[Result "1-0"]
[WhiteElo "2344"]
[BlackElo "1862"]
[PlyCount "29"]
[EventDate "2010.09.14"]
[EventType "swiss"]
[EventRounds "9"]
[EventCountry "ESP"]
[Source "lmi"]
[SourceDate "2010.09.14"]

1. d4 Nf6 2. Nf3 d5 3. e3 Bg4 4. c4 e6 5. Qb3 Qc8 6. Ne5 Bf5 7. Nc3 c6 8. f3 h6
9. g4 Bh7 10. cxd5 exd5 11. e4 Nbd7 12. exd5 Nxe5 13. dxe5 Nxd5 14. Nxd5 cxd5
15. Bb5+ 1-0

[Event "18. Torneo Ciudad de Albacete 2010"]
[Site "Albacete ESP"]
[Date "2010.09.14"]
[Round "1.10"]
[White "Atienza, Hilario"]
[Black "Pardo Simon, David"]
[Result "0-1"]
[WhiteElo "1861"]
[BlackElo "2336"]
[PlyCount "74"]
[EventDate "2010.09.14"]
[EventType "swiss"]
[EventRounds "9"]
[EventCountry "ESP"]
[Source "lmi"]
[SourceDate "2010.09.14"]

1. e4 c5 2. Nf3 e6 3. d4 cxd4 4. Nxd4 a6 5. Bd3 Nf6 6. O-O d6 7. c4 Be7 8. Nc3
O-O 9. Re1 b6 10. b3 Bb7 11. Bb2 Nbd7 12. Rc1 Rc8 13. f3 Qc7 14. Kh1 Qb8 15.
Qd2 Rfe8 16. Red1 Bd8 17. Nde2 Bc7 18. h3 Ne5 19. Bb1 Rcd8 20. Qe3 Ng6 21. Rd3
d5 22. c5 bxc5 23. Qxc5 Be5 24. Na4 Bxb2 25. Nxb2 Rc8 26. Qe3 Rxc1+ 27. Qxc1
dxe4 28. fxe4 Bxe4 29. Rc3 Bxb1 30. Qxb1 Rd8 31. Nc4 Nd5 32. Rg3 Nb6 33. Qc2
Ne7 34. Rf3 Nf5 35. g3 Qb7 36. Qc3 Nxc4 37. bxc4 Qe4 0-1

[Event "18. Torneo Ciudad de Albacete 2010"]
[Site "Albacete ESP"]
[Date "2010.09.14"]
[Round "1.12"]
[White "Bernabe Monteagudo, Francesc"]
[Black "Jimenez Martinez, Jose Vicente"]
[Result "0-1"]
[WhiteElo "1851"]
[BlackElo "2273"]
[PlyCount "64"]
[EventDate "2010.09.14"]
[EventType "swiss"]
[EventRounds "9"]
[EventCountry "ESP"]
[Source "lmi"]
[SourceDate "2010.09.14"]

1. d4 g6 2. Nf3 Bg7 3. c4 d6 4. Nc3 Nf6 5. e4 O-O 6. Be2 e5 7. d5 a5 8. O-O
Nfd7 9. Re1 Na6 10. h3 Ndc5 11. Bf1 Bd7 12. Be3 f5 13. exf5 gxf5 14. Bg5 Qe8
15. Be3 Kh8 16. Qd2 Rg8 17. Kh2 Qg6 18. g3 Bf6 19. Nb5 f4 20. gxf4 e4 21. Bd4
exf3 22. Bxf6+ Qxf6 23. Qd4 Raf8 24. Qxf6+ Rxf6 25. Nd4 Rxf4 26. Ne6 Rh4 27.
Re3 Nb4 28. Rxf3 Nxe6 29. dxe6 Bxe6 30. b3 Nc2 31. Rc1 Nd4 32. Rf6 Kg7 0-1

[Event "18. Torneo Ciudad de Albacete 2010"]
[Site "Albacete ESP"]
[Date "2010.09.14"]
[Round "1.13"]
[White "Martinez Rodriguez, Pablo"]
[Black "Diaz Ivars, Jose Manuel"]
[Result "1-0"]
[WhiteElo "2239"]
[BlackElo "1785"]
[PlyCount "77"]
[EventDate "2010.09.14"]
[EventType "swiss"]
[EventRounds "9"]
[EventCountry "ESP"]
[Source "lmi"]
[SourceDate "2010.09.14"]

1. Nf3 d5 2. c4 e6 3. d4 Nf6 4. Nc3 c5 5. cxd5 Nxd5 6. e3 Nc6 7. Bd3 cxd4 8.
exd4 g6 9. O-O Bg7 10. Bg5 Qd7 11. Re1 O-O 12. Qd2 b6 13. Nxd5 Qxd5 14. Be4 Qd7
15. Ne5 Bxe5 16. Bxc6 Qxc6 17. dxe5 Bb7 18. f3 Qd5 19. Qf4 Rac8 20. Bf6 Qc5+
21. Kh1 Rfe8 22. Rad1 Bd5 23. Rd4 Qf8 24. h4 h5 25. Rg1 Rc2 26. g4 Rf2 27. Rxd5
exd5 28. gxh5 Kh7 29. Qg3 Rxb2 30. hxg6+ Kg8 31. gxf7+ Kxf7 32. Qg6+ Ke6 33.
Bg7+ Kd7 34. Bxf8 Rxf8 35. Qd6+ Ke8 36. Qe6+ Kd8 37. Qxd5+ Ke8 38. Qe6+ Kd8 39.
Rd1+ 1-0

[Event "18. Torneo Ciudad de Albacete 2010"]
[Site "Albacete ESP"]
[Date "2010.09.14"]
[Round "1.14"]
[White "Rubio Garrido, David"]
[Black "Serna Lara, Sergio"]
[Result "0-1"]
[WhiteElo "1677"]
[BlackElo "2236"]
[PlyCount "64"]
[EventDate "2010.09.14"]
[EventType "swiss"]
[EventRounds "9"]
[EventCountry "ESP"]
[Source "lmi"]
[SourceDate "2010.09.14"]

1. e4 d6 2. d4 Nf6 3. Bd3 e5 4. dxe5 dxe5 5. Nf3 Bc5 6. O-O Qe7 7. Nc3 c6 8.
Bg5 h6 9. Bxf6 Qxf6 10. a3 b5 11. b4 Be7 12. Ne2 a5 13. c3 O-O 14. Ng3 g6 15.
Qd2 Kg7 16. h3 Bxh3 17. gxh3 Qxf3 18. Be2 Qf4 19. Qc2 Nd7 20. c4 bxc4 21. Qxc4
Rfc8 22. Rfc1 Nf6 23. Kh1 axb4 24. axb4 Qxf2 25. Rxa8 Rxa8 26. Rg1 Ra3 27. Rg2
Qe1+ 28. Rg1 Qxb4 29. Qxc6 Rxg3 30. Rxg3 Qe1+ 31. Rg1 Qxe2 32. Qd7 Qf3+ 0-1

[Event "18. Torneo Ciudad de Albacete 2010"]
[Site "Albacete ESP"]
[Date "2010.09.14"]
[Round "1.15"]
[White "Picazo Lopez, Juan Antonio"]
[Black "Escudero Garcia, Javier"]
[Result "1-0"]
[WhiteElo "2232"]
[BlackElo "1676"]
[PlyCount "71"]
[EventDate "2010.09.14"]
[EventType "swiss"]
[EventRounds "9"]
[EventCountry "ESP"]
[Source "lmi"]
[SourceDate "2010.09.14"]

1. d4 d5 2. c4 e6 3. cxd5 exd5 4. Nc3 Nf6 5. Bg5 Be7 6. Qc2 Nc6 7. e3 a6 8. a3
Qd7 9. Nf3 b5 10. Ne5 Nxe5 11. dxe5 Ng8 12. Bf4 Qe6 13. g4 Bb7 14. Bg2 g5 15.
Bg3 h5 16. gxh5 Rxh5 17. O-O-O Rd8 18. f4 Nh6 19. Qh7 Qf5 20. Qxf5 Nxf5 21.
Nxd5 Bxd5 22. Rxd5 Nxe3 23. Rxd8+ Kxd8 24. Bb7 gxf4 25. Bxf4 Bg5 26. Bf3 Bxf4
27. Bxh5 Nf1+ 28. Kc2 Nxh2 29. Re1 Ke7 30. Kd3 Ke6 31. Kd4 Kf5 32. Kd5 Ng4 33.
Bxg4+ Kxg4 34. Ke4 Bg5 35. Rg1+ Kh4 36. Kf5 1-0

[Event "18. Torneo Ciudad de Albacete 2010"]
[Site "Albacete ESP"]
[Date "2010.09.14"]
[Round "1.16"]
[White "Sanchez Argandona, Santiago"]
[Black "Alcaraz Ortega, Javier"]
[Result "0-1"]
[WhiteElo "1673"]
[BlackElo "2229"]
[PlyCount "66"]
[EventDate "2010.09.14"]
[EventType "swiss"]
[EventRounds "9"]
[EventCountry "ESP"]
[Source "lmi"]
[SourceDate "2010.09.14"]

1. d4 g6 2. c4 Bg7 3. Nc3 d6 4. Nf3 Nc6 5. e3 Nf6 6. Be2 O-O 7. O-O e6 8. h3 b6
9. e4 Bb7 10. Be3 Qe7 11. Qc1 e5 12. d5 Nb8 13. b4 a5 14. b5 Ne8 15. Bh6 Nd7
16. Bd3 Nc5 17. Bc2 f5 18. Bxg7 Nxg7 19. a4 f4 20. Ra2 Bc8 21. Bd1 Ne8 22. Nh2
Nf6 23. Bf3 h5 24. Qd1 Bd7 25. Kh1 Kf7 26. Re1 Rh8 27. Kg1 g5 28. Kf1 g4 29.
Be2 gxh3 30. g4 hxg4 31. Bxg4 Nxg4 32. Nxg4 h2 33. Kg2 Bxg4 0-1

[Event "18. Torneo Ciudad de Albacete 2010"]
[Site "Albacete ESP"]
[Date "2010.09.14"]
[Round "1.17"]
[White "Campayo Hernandez, Juan"]
[Black "Escribano Molina, Albino"]
[Result "1-0"]
[WhiteElo "2154"]
[BlackElo "1650"]
[PlyCount "85"]
[EventDate "2010.09.14"]
[EventType "swiss"]
[EventRounds "9"]
[EventCountry "ESP"]
[Source "lmi"]
[SourceDate "2010.09.14"]

1. c4 e5 2. g3 Nf6 3. Bg2 Nc6 4. Nc3 Bb4 5. Nd5 Nxd5 6. cxd5 Ne7 7. e3 c6 8. a3
Ba5 9. d6 Nf5 10. b4 Bb6 11. Bb2 f6 12. Qg4 g6 13. Nf3 Nxd6 14. Nxe5 fxe5 15.
Bxe5 Nf7 16. Bxh8 Nxh8 17. O-O d5 18. Qe2 Bf5 19. a4 Qd6 20. a5 Bc7 21. b5 Rd8
22. a6 b6 23. bxc6 Qxc6 24. Rac1 Qd6 25. e4 Qe7 26. Qb5+ Bd7 27. Qxd5 Be6 28.
Qc6+ Rd7 29. Qa8+ Bd8 30. e5 Nf7 31. Bc6 Nxe5 32. Bxd7+ Qxd7 33. Qe4 Qd6 34. d4
Qxd4 35. Qxd4 Nf3+ 36. Kg2 Nxd4 37. Rcd1 Bd5+ 38. f3 Bxf3+ 39. Rxf3 Nxf3 40.
Kxf3 b5 41. Rb1 h6 42. Rxb5 Bb6 43. Rxb6 1-0

[Event "18. Torneo Ciudad de Albacete 2010"]
[Site "Albacete ESP"]
[Date "2010.09.14"]
[Round "1.18"]
[White "Tomas Romero, Francisco"]
[Black "Villasenor Rubio, Emilio Jose"]
[Result "0-1"]
[WhiteElo "1627"]
[BlackElo "2101"]
[PlyCount "74"]
[EventDate "2010.09.14"]
[EventType "swiss"]
[EventRounds "9"]
[EventCountry "ESP"]
[Source "lmi"]
[SourceDate "2010.09.14"]

1. e4 c5 2. Nf3 e6 3. d4 cxd4 4. Nxd4 a6 5. Nc3 Qc7 6. Be3 b5 7. f3 Bb7 8. Qd2
Nf6 9. Be2 Nc6 10. O-O Rc8 11. Rac1 b4 12. Na4 Bd6 13. Nxc6 Bxc6 14. Nb6 Rb8
15. Bxa6 Rxb6 16. Bxb6 Qxb6+ 17. Kh1 Bc5 18. Bc4 Be3 19. Qd6 Bxc1 20. Rxc1 Kd8
21. Bb3 Ne8 22. Qg3 h5 23. Qh4+ f6 24. Rd1 Kc8 25. Qe1 h4 26. c3 h3 27. cxb4
hxg2+ 28. Kxg2 Qb8 29. Qg3 Qxb4 30. Qf2 Rh5 31. Rc1 Qd6 32. Kh1 Kd8 33. Rd1 Qe5
34. Rd4 Rxh2+ 35. Qxh2 Qxd4 36. Qb8+ Ke7 37. a3 Qf2 0-1

[Event "18. Torneo Ciudad de Albacete 2010"]
[Site "Albacete ESP"]
[Date "2010.09.14"]
[Round "1.19"]
[White "Navarro Lopez-Menchero, Daniel"]
[Black "Tebar Lujan, Jorge"]
[Result "1-0"]
[WhiteElo "2100"]
[BlackElo "1606"]
[PlyCount "59"]
[EventDate "2010.09.14"]
[EventType "swiss"]
[EventRounds "9"]
[EventCountry "ESP"]
[Source "lmi"]
[SourceDate "2010.09.14"]

1. e4 c5 2. Nf3 d6 3. d4 cxd4 4. Nxd4 Nf6 5. Nc3 a6 6. Bc4 e6 7. Bb3 Be7 8. O-O
b5 9. Qf3 Bb7 10. Bxe6 b4 11. Bd5 Bxd5 12. Nxd5 Nxd5 13. exd5 O-O 14. Qg4 Bf6
15. Nf5 Kh8 16. Qxb4 Be5 17. c3 Qc7 18. f4 Bf6 19. Qxd6 Qxd6 20. Nxd6 Nd7 21.
Be3 Be7 22. Nf5 Bf6 23. Bd4 Rfd8 24. Rad1 Rab8 25. b3 Rbc8 26. c4 Bxd4+ 27.
Rxd4 Nc5 28. Re1 Rc7 29. Rdd1 Rcd7 30. b4 1-0

[Event "18. Torneo Ciudad de Albacete 2010"]
[Site "Albacete ESP"]
[Date "2010.09.15"]
[Round "2.1"]
[White "Jimenez Martinez, Jose Vicente"]
[Black "Almeida Quintana, Omar"]
[Result "0-1"]
[WhiteElo "2273"]
[BlackElo "2559"]
[PlyCount "54"]
[EventDate "2010.09.14"]
[EventType "swiss"]
[EventRounds "9"]
[EventCountry "ESP"]
[Source "lmi"]
[SourceDate "2010.09.14"]

1. d4 Nf6 2. c4 c5 3. d5 e6 4. Nc3 exd5 5. cxd5 d6 6. e4 g6 7. h3 Bg7 8. Nf3 a6
9. a4 Nbd7 10. Bd3 Nh5 11. Bg5 Qb6 12. Qd2 h6 13. Be3 g5 14. g3 O-O 15. O-O
Nhf6 16. Kg2 Re8 17. Rfe1 Qd8 18. Qc2 b6 19. Nd2 Ne5 20. Bf1 g4 21. h4 Ra7 22.
Rab1 Rae7 23. b4 Nf3 24. Re2 Nd4 25. Bxd4 cxd4 26. Nd1 Bb7 27. Kg1 Nxd5 0-1

[Event "18. Torneo Ciudad de Albacete 2010"]
[Site "Albacete ESP"]
[Date "2010.09.15"]
[Round "2.2"]
[White "Mirzoev, Azer"]
[Black "Serna Lara, Sergio"]
[Result "1-0"]
[WhiteElo "2525"]
[BlackElo "2236"]
[PlyCount "85"]
[EventDate "2010.09.14"]
[EventType "swiss"]
[EventRounds "9"]
[EventCountry "ESP"]
[Source "lmi"]
[SourceDate "2010.09.14"]

1. c4 Nf6 2. Nc3 e5 3. e3 c6 4. d4 exd4 5. Qxd4 Na6 6. Qd1 Nc7 7. Nf3 d5 8. Qc2
Bd6 9. cxd5 Ncxd5 10. Nxd5 Nxd5 11. a3 Qf6 12. Bd3 g6 13. O-O O-O 14. Bd2 Bg4
15. Be4 Rfe8 16. h3 Bd7 17. Rfd1 Rac8 18. Bxd5 cxd5 19. Bc3 Qe7 20. Qd3 Bc5 21.
Qxd5 Bc6 22. Qe5 Qxe5 23. Nxe5 Ba4 24. Rd5 Red8 25. Rxd8+ Rxd8 26. Kf1 Rd1+ 27.
Rxd1 Bxd1 28. Bd4 Bxd4 29. exd4 f6 30. Nc4 Bb3 31. Ne3 Kf7 32. Ke2 Ke6 33. Kd3
Ba4 34. Kc4 Kd6 35. d5 Ke5 36. Ng4+ Kf5 37. Kc5 h5 38. Ne3+ Ke4 39. Kd6 f5 40.
Nc4 g5 41. Ke6 f4 42. b3 Be8 43. Nd6+ 1-0

[Event "18. Torneo Ciudad de Albacete 2010"]
[Site "Albacete ESP"]
[Date "2010.09.15"]
[Round "2.3"]
[White "Alcaraz Ortega, Javier"]
[Black "Abreu Delgado, Aryam"]
[Result "0-1"]
[WhiteElo "2229"]
[BlackElo "2473"]
[PlyCount "78"]
[EventDate "2010.09.14"]
[EventType "swiss"]
[EventRounds "9"]
[EventCountry "ESP"]
[Source "lmi"]
[SourceDate "2010.09.14"]

1. d4 Nf6 2. Nf3 g6 3. c4 Bg7 4. Nc3 d5 5. Bg5 Ne4 6. cxd5 Nxg5 7. Nxg5 e6 8.
Nf3 exd5 9. b4 O-O 10. e3 c6 11. Be2 Be6 12. O-O Nd7 13. Rc1 a6 14. Na4 Qe7 15.
Nc5 Nxc5 16. Rxc5 Bd7 17. Qb3 f5 18. Re1 Rae8 19. a4 f4 20. Rc3 Bg4 21. b5 axb5
22. axb5 Bxf3 23. Bxf3 Bxd4 24. Bxd5+ Kg7 25. Rd3 fxe3 26. fxe3 Be5 27. bxc6
Qh4 28. g3 Bxg3 29. hxg3 Qxg3+ 30. Bg2 Qxe1+ 31. Kh2 Qh4+ 32. Kg1 Qf2+ 33. Kh2
bxc6 34. Qb7+ Rf7 35. Qxc6 Re5 36. Qc3 Qf6 37. Qd2 Rh5+ 38. Kg1 Qa1+ 39. Qd1
Qe5 0-1

[Event "18. Torneo Ciudad de Albacete 2010"]
[Site "Albacete ESP"]
[Date "2010.09.15"]
[Round "2.4"]
[White "Gongora Reyes, Maikel"]
[Black "Campayo Hernandez, Juan"]
[Result "1-0"]
[WhiteElo "2468"]
[BlackElo "2154"]
[PlyCount "73"]
[EventDate "2010.09.14"]
[EventType "swiss"]
[EventRounds "9"]
[EventCountry "ESP"]
[Source "lmi"]
[SourceDate "2010.09.14"]

1. d4 d5 2. c4 c6 3. Nf3 Nf6 4. e3 e6 5. b3 Bd6 6. Bd3 O-O 7. O-O Nbd7 8. Bb2
Qe7 9. Ne5 Ne8 10. f4 f5 11. Nd2 Nef6 12. Kh1 Ne4 13. Ndf3 Ndf6 14. Qe1 Bd7 15.
Qh4 Be8 16. c5 Bc7 17. g4 b6 18. Ba3 bxc5 19. Bxe4 dxe4 20. Bxc5 Bd6 21. Bxd6
Qxd6 22. Nd2 Nxg4 23. Nxg4 fxg4 24. Qxg4 c5 25. Rg1 Qe7 26. dxc5 Rf6 27. Qg5
Qf8 28. Qh4 Rf5 29. Rg5 Qxc5 30. Rag1 Bg6 31. Nc4 Rc8 32. Rxf5 Bxf5 33. Qf6 Qf8
34. Qd4 Rd8 35. Rxg7+ Qxg7 36. Qxd8+ Kf7 37. Ne5+ 1-0

[Event "18. Torneo Ciudad de Albacete 2010"]
[Site "Albacete ESP"]
[Date "2010.09.15"]
[Round "2.5"]
[White "Villasenor Rubio, Emilio Jose"]
[Black "Pogorelov, Ruslan"]
[Result "0-1"]
[WhiteElo "2101"]
[BlackElo "2447"]
[PlyCount "92"]
[EventDate "2010.09.14"]
[EventType "swiss"]
[EventRounds "9"]
[EventCountry "ESP"]
[Source "lmi"]
[SourceDate "2010.09.14"]

1. e4 c5 2. Nf3 e6 3. d4 cxd4 4. Nxd4 a6 5. Nc3 Qc7 6. Bd3 Nf6 7. f4 d6 8. Be3
g6 9. Qf3 Bg7 10. g4 Nc6 11. Nxc6 bxc6 12. f5 exf5 13. exf5 Nd7 14. Qg3 Be5 15.
Qh3 d5 16. Ne2 c5 17. c3 Bb7 18. Rf1 O-O-O 19. Rf2 Kb8 20. Rb1 d4 21. cxd4 cxd4
22. Bd2 Nc5 23. Rc1 Qe7 24. Kf1 Nxd3 25. Qxd3 Qh4 26. h3 h5 27. g5 Qe4 28. Qxe4
Bxe4 29. fxg6 fxg6 30. Bf4 Rhe8 31. Bxe5+ Rxe5 32. Rc4 Bd3 33. Rb4+ Ka8 34. Rb3
Re3 35. Kg1 Bf5 36. Rxe3 dxe3 37. Rf3 Rd1+ 38. Kg2 Be4 39. Nc3 Rd2+ 40. Kg3
Bxf3 41. Kxf3 Rxb2 42. Kxe3 Rh2 43. Nd5 Rxh3+ 44. Kf4 Rd3 45. Ke5 h4 46. Nf4
Rg3 0-1

[Event "18. Torneo Ciudad de Albacete 2010"]
[Site "Albacete ESP"]
[Date "2010.09.15"]
[Round "2.6"]
[White "Gonzalez Perez, Arian"]
[Black "Navarro Lopez-Menchero, Daniel"]
[Result "1-0"]
[WhiteElo "2410"]
[BlackElo "2100"]
[PlyCount "91"]
[EventDate "2010.09.14"]
[EventType "swiss"]
[EventRounds "9"]
[EventCountry "ESP"]
[Source "lmi"]
[SourceDate "2010.09.14"]

1. d4 d5 2. c4 dxc4 3. Nf3 Nf6 4. e3 Bg4 5. Bxc4 e6 6. Nbd2 Nbd7 7. O-O c5 8.
Qa4 a6 9. Be2 cxd4 10. exd4 Be7 11. Qb3 Qb6 12. Qd1 O-O 13. Nc4 Qa7 14. Ne3 Nb6
15. Nxg4 Nxg4 16. Bd3 Nf6 17. Be3 Nbd5 18. Rc1 Qb6 19. Qe2 Rac8 20. Ne5 Bd6 21.
Nc4 Qd8 22. Qf3 b5 23. Nxd6 Qxd6 24. a3 Qb8 25. Bg5 Rxc1 26. Rxc1 Rc8 27. Qd1
h6 28. Bh4 Qb7 29. Bg3 Rc6 30. h3 Qc8 31. Ra1 Qb7 32. Kh2 Qb6 33. a4 g6 34.
axb5 axb5 35. Ra8+ Kh7 36. Be5 Qb7 37. Rb8 Qa7 38. Qf3 Qe7 39. Bxb5 Rc2 40. Bd3
Rd2 41. Bb1 Ne8 42. Be4 f6 43. Bxd5 exd5 44. Rxe8 Qxe8 45. Qxf6 Qg8 46. Qe7+
1-0

[Event "18. Torneo Ciudad de Albacete 2010"]
[Site "Albacete ESP"]
[Date "2010.09.15"]
[Round "2.7"]
[White "Olivera Gutierrez, Albert"]
[Black "Marholev, Dimitar"]
[Result "0-1"]
[WhiteElo "2073"]
[BlackElo "2407"]
[PlyCount "58"]
[EventDate "2010.09.14"]
[EventType "swiss"]
[EventRounds "9"]
[EventCountry "ESP"]
[Source "lmi"]
[SourceDate "2010.09.14"]

1. e4 e5 2. Nf3 Nc6 3. d4 exd4 4. Bc4 Nf6 5. O-O Nxe4 6. Re1 d5 7. Bxd5 Qxd5 8.
Nc3 Qa5 9. Nxe4 Be6 10. Bd2 Qf5 11. Bg5 h6 12. Bh4 Bc5 13. Nxc5 Qxc5 14. Re4 g5
15. Bg3 O-O-O 16. a3 Bf5 17. b4 Qc3 18. Re2 Rhe8 19. Rxe8 Rxe8 20. Ne1 a6 21.
h3 h5 22. Nd3 h4 23. Bh2 f6 24. f4 Re3 25. fxg5 fxg5 26. Rb1 Bxd3 27. cxd3 Qxd3
28. Qg4+ Kb8 29. Rd1 Qe2 0-1